000 01092nam a2200289 i 4500
003 DO-SdBNP
005 20251112101426.0
007 ta
008 130909s1999 dr d 001 0 spa d
040 _aDO-SdBNP
_bspa
_cBNPHU
_erda
041 _aspa
082 4 _a005.12028
_bP376s 1999
_222
100 1 _aPeguero-Cabral Nespral, Francisco
_eautor
_956903
_4aut.
245 1 0 _aSi quieres programar :
_bdiagramas de flujo y tópicos adicionales /
_cFrancisco Peguero-Cabral Nespral.
250 _aCuarta edición corregida y ampliada
264 _aSanto Domingo :
_bImpresos computarizados,
_c1999.
300 _a218 páginas :
_bilustraciones, diagramas ;
_c21 cm.
336 _atexto
_btxt
_2rdacontent
337 _asin mediación
_bn
_2rdamedia
338 _avolumen
_bnc
_2rdacarrier
504 _aBibliografía: página 218.
590 _aInventariado, 2020/ YL
650 4 _aDiagramas funcionales
_xEnseñanza programada
_956904
650 4 _aProgramación (computadores eletrónicos digitales)
_956905
910 _aYLockward /Validado. Control de calidad MFF
942 _2ddc
_cLBS1
999 _c49185
_d49185